000 00635nam a2200241Ia 4500
003 OSt
005 20220918182813.0
006 a|||||r|||| 00| 0
007 ta
008 220917b |||||||| |||| 00| 0 eng d
024 _a34,602
037 _cTextual
040 _aARTS
_cARTS
_beng
041 _2eng
_aeng
082 _aO11196,3NAC,3, K7
100 _aAcherbe Chinua
_961280
245 0 _aThings fall apart
260 _aLondon
_bHeinemann
_c1967
300 _aviii,150p.
_ccm.
650 _aENGLISH LITERATURE
942 _hO11196,3NAC,3, K7
_cTEXL
_2CC
999 _c170474
_d170474